00313nam a2200121Ia 4500008004100000082000900041100002700050245003000077600001200107630003000119700001200149730003000161090122s9999 xx 000 0 und d b9660 aGARDNERbERLEcSTANLEY aTHE CARE OF DARING DECOY. aGARDNER aTHE CARE OF DARING DECOY. aGARDNER aTHE CARE OF DARING DECOY.